Loading...
| History - Other | 0 | 6 | 2 | 1 | 50 | 87 | 109.83 | 1 | 2 | 0.00 | 0.00 |
| Social Science | 0 | 5 | 1 | 0 | 45 | 86 | 100.60 | 1 | 1 | 0.00 | 0.00 |
| History - American | 0 | 7 | 5 | 0 | 45 | 97 | 119.86 | 1 | 1 | 0.00 | 0.00 |
| Fine Arts - Other | 0 | 5 | 2 | 0 | 40 | 97 | 123.00 | 1 | 1 | 0.00 | 0.00 |
| Science - Physics | 0 | 6 | 4 | 1 | 40 | 75 | 120.67 | 0 | 0 | 0.00 | 0.00 |
| Literature - British | 0 | 4 | 1 | 0 | 35 | 100 | 122.50 | 0 | 1 | 0.00 | 0.00 |
| Literature - European | 0 | 3 | 0 | 1 | 30 | 100 | 131.33 | 0 | 1 | 0.00 | 0.00 |
| Religion | 0 | 4 | 2 | 0 | 30 | 99 | 121.75 | 0 | 1 | 0.00 | 0.00 |
| History - World | 0 | 3 | 2 | 1 | 20 | 113 | 136.00 | 0 | 0 | 0.00 | 0.00 |
| Fine Arts - Painting & Sculpture | 0 | 3 | 2 | 0 | 20 | 123 | 137.67 | 0 | 0 | 0.00 | 0.00 |
| Literature - World | 0 | 2 | 0 | 1 | 20 | 118 | 134.50 | 0 | 0 | 0.00 | 0.00 |
| Fine Arts - Classical Music | 0 | 2 | 1 | 0 | 15 | 101 | 124.50 | 0 | 0 | 0.00 | 0.00 |
| Science - Other | 0 | 3 | 3 | 1 | 15 | 117 | 128.33 | 0 | 0 | 0.00 | 0.00 |
| History - European | 0 | 1 | 0 | 0 | 10 | 121 | 121.00 | 0 | 0 | 0.00 | 0.00 |
| Mythology | 0 | 1 | 0 | 1 | 10 | 162 | 162.00 | 0 | 0 | 0.00 | 0.00 |
| Science - Biology | 0 | 2 | 2 | 1 | 10 | 119 | 123.50 | 1 | 1 | 0.00 | 0.00 |
| Science - Chemistry | 0 | 1 | 0 | 0 | 10 | 106 | 106.00 | 0 | 0 | 0.00 | 0.00 |
| Geography | 0 | 1 | 1 | 0 | 5 | 144 | 144.00 | 0 | 0 | 0.00 | 0.00 |
| Current Events | 0 | 1 | 1 | 0 | 5 | 89 | 89.00 | 0 | 0 | 0.00 | 0.00 |
| Other Academic | 0 | 1 | 1 | 0 | 5 | 109 | 109.00 | 0 | 0 | 0.00 | 0.00 |
| Literature - American | 0 | 0 | 0 | 0 | 0 | 0.00 | 0 | 0 | 0.00 | 0.00 | |
| Philosophy | 0 | 2 | 4 | 0 | 0 | 126 | 126.50 | 0 | 0 | 0.00 | 0.00 |